| 000 | 01168nam a22003617a 4500 | ||
|---|---|---|---|
| 003 | CHAP | ||
| 005 | 20220817043057.0 | ||
| 008 | 971010s1973 r 00010 d | ||
| 010 | _a64854 | ||
| 011 | _a65826 | ||
| 035 | _a73257 | ||
| 040 | _cCHAP | ||
| 082 |
_a631.8 _bF33 |
||
| 110 | _aFAO | ||
| 245 | _aLegislación sobre fertilizantes | ||
| 260 |
_aRoma : _bFAO, _c1973 |
||
| 300 | _a273 p | ||
| 490 |
_aFAO. Boletín de suelos _v; 20 |
||
| 590 |
_aBATCH-UPD _b10 _c20130110 _lUCH01 _h0254 |
||
| 590 |
_aBATCH-UPD _b10 _c20130110 _lUCH01 _h1731 |
||
| 590 |
_aBATCH-UPD _b10 _c20130409 _lUCH01 _h2325 |
||
| 590 |
_aBATCH-UPD _b10 _c20130914 _lUCH01 _h1341 |
||
| 590 |
_aCONVERSION _b10 _c20130109 _lUCH01 _h1335 |
||
| 650 | 1 | 4 |
_aFertilizantes _xLeyes. _940580 |
| 700 | 0 |
_aMylonas, Dennis M. _979957 |
|
| 830 | 0 |
_aFAO. Boletín de suelos _v; 20 _939455 |
|
| 901 | _aBK | ||
| 942 | _cLIBRO | ||
| 949 |
_a631.8 F33 _bBC _cFAO _d-147393 _eFAO1 _h46296 _i73257 _si |
||
| 949 |
_a631.8 F33 _bBC _cFAO _d-147394 _eFAO2 _fc.2 _h78268 _i73257 _si |
||
| 949 |
_a631.8 F33 _bDCF _cLIBRO _d-6039 _eLIBRO _h4225 _i73257 _si |
||
| 949 |
_a631.8 F33y _bS _cLIBRO _d-7616 _eLIBRO _h3773 _i73257 _si _t58.50 |
||
| 999 |
_c64854 _d64854 |
||